Pokémon - Les attaques de Banshitrouye - Statistiques

Statistiques générales
  • Ce quiz a été pris 17 fois
  • Le résultat moyen est 10 sur 16
Statistiques - réponses
Niveaux Types Noms des attaques % Correct
Niveau 48 Spectre Hantise
100%
Niveau 36 Spectre Ball'Ombre
90%
Départ
Niveau 12
Niveau 24
Niveau 36
Spectre Halloween
90%
Départ Spectre Étonnement
80%
Départ Spectre Ombre Portée
80%
Niveau 12 Plante Tranch'Herbe
80%
Niveau 20 Plante Balle Graine
70%
Départ Spectre Onde Folie
70%
Niveau 28 Plante Soucigraine
70%
Niveau 16 Plante Vampigraine
70%
Niveau 32 Plante Canon Graine
60%
Niveau 44 Normal Balance
40%
Départ Fée Pouvoir Lunaire
30%
Niveau 24 Normal Grimace
20%
Départ Normal Explosion
10%
Niveau 40 Psy Tour de Magie
10%
Aucun quiz correspondant
Distribution des résultats
% des personnes avec chaque résultat
Percentile par nombre de réponses
Votre historique - résultats
Vous n’avez pas pris ce quiz